| 000 | 00307cam a22001097a 4500 | ||
|---|---|---|---|
| 008 | 180718b1969 xxu||||| |||| 00| 0 eng d | ||
| 082 | _aK5x54 In2mt | ||
| 100 | _aSaxena, A.P. | ||
| 245 |
_aManagement training for trainers _cby A.P. Saxena |
||
| 260 |
_aDelhi _bMinistry of Home Affairs _c1969 |
||
| 300 | _a42+p. | ||
| 999 |
_c499992 _d499992 |
||